Programa e información complementaria /

Guardat en:
Dades bibliogràfiques
Autor principal: Fernández, Rodrigo
Altres autors: coord
Format: Text
Publicat: San José: CSUCA
Etiquetes: Afegir etiqueta
Sense etiquetes, Sigues el primer a etiquetar aquest registre!

MARC

LEADER 00000 a a2200000 04500
001 20855
003
040
090 |a 089200  
100 |a Fernández, Rodrigo  
245 |a Programa e información complementaria /  |c Rodrigo Fernández 
260 |a San José:   |b CSUCA  
300 |a S.D.  
700 |a coord  
999 |c 9062  |d 9062